000 00288nam a22001337a 4500
008 180912b xxu||||| |||| 00| 0 eng d
020 _a471162035
041 _aeng
080 _a311
100 _a55
101 _aSTA
245 _aExperimental Designs
_cCochran, W.G
942 _2udc
_cBK
999 _c47723
_d47723